000 00590nam a2200217Ii 4500
001 17098
003 CO-ViMGA
008 241108s9999||||xx |||||||||||||| ||und||
020 _a9789978806504
040 _aCO-ViMGA
_bspa
_erda
_cCO-ViMGA
041 0 _aspa
084 _aC SER
100 1 _aAna Elena Serrot
_944662
245 1 0 _aPuros de corazón
264 1 _aQuito, Ecuador : Libresa, 2001
300 _avolumen
336 _atext
_btxt
_2rdacontent
337 _aunmediated
_bn
_2rdamedia
338 _avolume
_bnc
_2rdacarrier
940 _aidficha_siabuc: 16764. -- ficha_no_siabuc:17098
999 _c39128
_d39128